Bài giảng ngữ pháp tiếng Anh English grammar
Sparad:
| Huvudupphovsman: | |
|---|---|
| Materialtyp: | Bok |
| Språk: | Undetermined |
| Publicerad: |
Cần Thơ
Trường Đại học Cần Thơ
2000
|
| Ämnen: | |
| Taggar: |
Lägg till en tagg
Inga taggar, Lägg till första taggen!
|
| Thư viện lưu trữ: | Trung tâm Học liệu Trường Đại học Cần Thơ |
|---|
| LEADER | 00664nam a2200205Ia 4500 | ||
|---|---|---|---|
| 001 | CTU_40258 | ||
| 008 | 210402s9999 xx 000 0 und d | ||
| 082 | |a 425 | ||
| 082 | |b Ngh301/T.5 | ||
| 100 | |a Huỳnh, Trọng Nghĩa | ||
| 245 | 0 | |a Bài giảng ngữ pháp tiếng Anh | |
| 245 | 0 | |b English grammar | |
| 245 | 0 | |c Huỳnh Trọng Nghĩa | |
| 260 | |a Cần Thơ | ||
| 260 | |b Trường Đại học Cần Thơ | ||
| 260 | |c 2000 | ||
| 650 | |a English language,English language,English language | ||
| 650 | |x Grammar,Outlines, syllabi, etc,Study and teaching | ||
| 904 | |i Minh | ||
| 980 | |a Trung tâm Học liệu Trường Đại học Cần Thơ | ||